Online Catalogue and eLibrary

Peripheral accumulation, labor power absorption and relative surplus-population : (Record no. 2597)

MARC details
000 -LEADER
fixed length control field 00487nam a2200157Ia 4500
005 - DATE AND TIME OF LATEST TRANSACTION
control field 20240408061322.0
008 - FIXED-LENGTH DATA ELEMENTS--GENERAL INFORMATION
fixed length control field 240331s9999 xx 000 0 und d
082 ## - DDC Classification
Item Number - Author Mark SAI
Class No. 331
100 ## - MAIN ENTRY--PERSONAL NAME
Personal name Sainz, J.P.Perez
245 #0 - TITLE STATEMENT
Title Peripheral accumulation, labor power absorption and relative surplus-population :
Remainder of title some basic remarks
Statement of responsibility, etc. J.P. Perez Sainz
260 ## - PUBLICATION, DISTRIBUTION, ETC.
Place of publication, distribution, etc. Netherlands :
Name of publisher, distributor, etc. Institute of Social Studies /
Date of publication, distribution, etc. 1978
300 ## - PHYSICAL DESCRIPTION
Extent (e.g. Volumes, Pages etc.) 30 p .,
650 ## - SUBJECT ADDED ENTRY--TOPICAL TERM
Topical term or geographic name entry element Social
650 ## - SUBJECT ADDED ENTRY--TOPICAL TERM
Topical term or geographic name entry element Political
942 ## - Koha item type (Biblio)
Koha item type Books in Stacks (Lending)
Holdings
Lost status Damaged status Collection code Home library Current library Shelving location Date acquired Full call number Accession Number Item type
    Lending WERC Library WERC Library Social Science Cupboard 03/31/2024 331 SAI 730 Books in Stacks (Lending)

© WERC Library